Statistics for Guess the Taylor Swift song with no hint 58

Click here to take the quiz!

General Stats

  • This quiz has been taken 546 times
    (413 since last reset)
  • The average score is 342 of 421

Answer Stats

Answer% Correct
I
100%
I
100%
a
99%
You
99%
you
99%
(you
99%
the
98%
The
98%
And
97%
and
97%
me
97%
in
95%
to
95%
To
95%
it
93%
My
93%
my
93%
we
93%
where
93%
(like
92%
like
92%
Who
92%
be
91%
is
91%
That
91%
(go)
90%
know
90%
know)
90%
No
90%
then
90%
They
90%
I'm
89%
there
89%
this
89%
this)
89%
We're
89%
we're
89%
(win)
88%
It's
88%
so
88%
win
88%
(win)
88%
but
87%
don't
87%
are
86%
for
85%
was
84%
with
84%
'Cause
83%
'cause
83%
girl"
83%
American
82%
bad
82%
Miss
82%
Heartbreak
81%
nothing
81%
Prince
81%
prince
81%
see
81%
"She's
81%
that's
81%
time
81%
want
81%
world
81%
Americana
80%
at
80%
been
80%
men?
80%
play
80%
whole
80%
whisper
78%
games
77%
hallway
77%
Now
77%
now
77%
one
77%
stupid
77%
there's
77%
coming
76%
gonna
76%
I'll
76%
just
76%
long
76%
prizes
76%
should
76%
run
75%
away
74%
fake
74%
Oh
74%
blue
73%
blue)
73%
dice
73%
rolling
73%
school
73%
up
73%
wanna
73%
never
72%
(paint
72%
paint
72%
think
72%
town
72%
home
71%
before
70%
only
70%
really
70%
Than
70%
16
69%
adore
69%
crazier
69%
(fight)
69%
(fight)
69%
lost
69%
most
69%
sad
68%
film
67%
likely
67%
(okay)
67%
will
67%
glory
66%
saw
66%
scene
66%
dress
65%
lights
65%
nobody's
65%
feeling
64%
Voted
64%
let
63%
life
63%
prom
63%
thought
63%
care
62%
come
62%
days
62%
losing
62%
scared
62%
wise
62%
queens
61%
seems
61%
team
61%
Boys
60%
boys
60%
Darling
60%
head
60%
high
60%
playing
60%
ran
60%
storm
60%
counted
59%
faded
59%
homecoming
59%
ripped
59%
someday
59%
guys
58%
miles
58%
marching
57%
band
56%
between
56%
bruising
56%
cameras
56%
depressed
56%
hopeless
56%
Leave
56%
smile
56%
stories
56%
Waving
56%
through
55%
catch
54%
fives
53%
battered
52%
helpless
52%
damsels
51%
Running
51%
cries
50%
hung
50%
rose
50%
burning
49%
pageant
49%
scoreboard
49%
muffled
48%
thorns
48%

Score Distribution

Percentile by Number Answered

Percent of People with Each Score

Your Score History

You have not taken this quiz since the last reset